Gene Pravarthanam / (Record no. 6187)
[ view plain ]
| 000 -LEADER | |
|---|---|
| fixed length control field | 00329cam a2200121ua 4500 |
| 082 ## - DEWEY DECIMAL CLASSIFICATION NUMBER | |
| Classification number | 575.1 |
| Item number | HAR/GE |
| 100 ## - MAIN ENTRY--AUTHOR NAME | |
| Personal name | Hartman, Philip E . |
| 245 ## - TITLE STATEMENT | |
| Title | Gene Pravarthanam / |
| 260 ## - PUBLICATION, DISTRIBUTION, ETC. (IMPRINT) | |
| Place of publication | Thiruvananthapuram : |
| Name of publisher | State Instititute of Languages , |
| Year of publication | 1973. |
| 300 ## - PHYSICAL DESCRIPTION | |
| Number of Pages | 395 ; . |
| 700 1# - ADDED ENTRY--PERSONAL NAME | |
| Personal name | Suskind, Sigmund R . |
| 942 ## - ADDED ENTRY ELEMENTS (KOHA) | |
| Koha item type | Books |
| Withdrawn status | Lost status | Damaged status | Home library | Current library | Date acquired | Full call number | Accession Number | Koha item type |
|---|---|---|---|---|---|---|---|---|
| KAUAET | 07/04/2012 | 575.1 | 14025 | Books | ||||
| KAUAET | KAUAET | 07/04/2012 | 575.1 | 14024 | Books |
